Statistics for Flags of the Countries that Start with A

Click here to take the quiz!

General Stats

  • This quiz has been taken 21,169 times
  • The average score is 10 of 11

Answer Stats

Answer % Correct
Australia
98%
Argentina
95%
Albania
94%
Austria
91%
Andorra
88%
Algeria
87%
Azerbaijan
86%
Afghanistan
82%
Armenia
81%
Angola
81%
Antigua and Barbuda
77%

Score Distribution

Percentile by Number Answered

Percent of People with Each Score

Your Score History

You have not taken this quiz